| 000 | 03933nam0a22003971 4500 | ||
|---|---|---|---|
| 001 | RU\NLR\BIBL_A\011151953 | ||
| 005 | 20260408065856.0 | ||
| 035 | _a(NLR Aleph) 011151953 | ||
| 090 |
_a11678028 _c11678028 |
||
| 100 | _a20160615d18011127|||y0rusy50 ca | ||
| 101 | 0 | _arus | |
| 102 | _aRU | ||
| 105 | _ay n 000yy | ||
| 200 | 1 |
_aУказ его императорскаго величества самодержца всероссийскаго, _e[Об определении опеки над имением вдовы генерал-майора Обухова Елизаветы Николаевны, изъявившей желание вступить в монастырь] _fиз Правительствующаго Сената |
|
| 210 |
_a[Б.м. _d27 нояб. 1801] |
||
| 215 |
_a[2] с. _d2° |
||
| 300 | _aВ левом нижнем углу на с.[2]: По 2 му департаменту. | ||
| 304 | _aТекст начинается словами: По имянному его императорскаго величества указу, данному Правительствующему Сенату сего ноября в 13 й день... | ||
| 306 | _aВ конце текста дата: Ноября дня 1801 года. Точная дата публикации определена по рукоп. огл. к конволюту. | ||
| 316 |
_aЭкз. РНБ (18.88.1.1-1-53) является частью владельч. конволюта. Припл. к: Указ его императорскаго величества самодержца всероссийскаго из Правительствующаго Сената: [О взыскании за оброчные земли оброчных денег с тех владельцев, кому те земли во владение предоставлены были]. - [М., 1801]. В правом верхнем углу на с.[1] от руки написан порядковый номер аллигата в конволюте "53" _5NLR: 18.88.1.1-1-53 |
||
| 482 | 1 |
_1001RU\NLR\BIBL_A\011134450 _911586195 _aРоссия (1801-1825; Александр I). Император _c[Б.м. _d12 авг. 1801] _fиз Правительствующаго Сената _o[О взыскании за оброчные земли оброчных денег с тех владельцев, кому те земли во владение предоставлены были] _p[2] с. _tУказ его императорскаго величества самодержца всероссийскаго |
|
| 517 | 1 | _aПо имянному его императорскаго величества указу, данному Правительствующему Сенату сего ноября в 13 й день... | |
| 518 | 1 | _aУказ его императорского величества самодержца всероссийского, из Правительствующего Сената | |
| 518 | 1 | _aПо именному его императорского величества указу, данному Правительствующему Сенату сего ноября в 13 й день... | |
| 606 | 1 |
_aЗаконодательство _yРоссия _z1801 - 1825 _92280395 _3RU\NLR\AUTH\6601594564 |
|
| 686 | _aХ2(2)47-3 | ||
| 702 | 0 |
_4720 _7ca _8rus _aАлександр _cимператор российский _dI _f1777-1825 _9115306 _3RU\NLR\AUTH\775342 |
|
| 702 | 1 |
_4730 _7ca _8rus _aОбухова _bЕ. Н. _gЕлизавета Николаевна _9159382 _3RU\NLR\AUTH\770159423 |
|
| 710 | 0 | 1 |
_4720 _aРоссия _bИмператор _c1801-1825; Александр I _9584940 _3RU\NLR\AUTH\8810042745 |
| 711 | 0 | 1 |
_4720 _aРоссия _bСенат _9392688 _3RU\NLR\AUTH\889948534 |
| 852 |
_aNLR _j18.88.1.1-1-53 |
||
| 942 | _cBOOK | ||
| 980 | _aNB | ||
| 980 | _aA1XVIIIv | ||
| 980 | _aA1UKAZ | ||